000 00411nam a2200157Ia 4500
003 GCL
008 140319s9999 xx 000 0 eng d
040 _aGCL /
_cGCL
082 0 4 _a782.1
_bL O
100 1 _aLEVIN, DAVID J
245 1 0 _aOPERA THROUGH OTHER EYES /
_cLEVIN, DAVID J
260 _a[S.N] :
_bST ANFORD UNIVERISTY PRESS ،
_c1994
650 0 4 _aOPERA
650 0 4 _aPERFORMANCE ART
942 _2ddc
_cBK
999 _c17792
_d17792